| 000 | 00673nam a2200205Ia 4500 | ||
|---|---|---|---|
| 003 | GCL | ||
| 008 | 140319s9999 xx 000 0 ara d | ||
| 040 |
_aGCL / _cGCL |
||
| 082 | 0 | 4 |
_a671.732 _bج م |
| 100 | 1 | _aجعفر طه الهاشمى | |
| 245 | 1 | 0 |
_aالمرجع الاساسى للطلاء الكهربى / _cجعفر طه الهاشمى |
| 250 | _aالاولى | ||
| 260 |
_aسوريا : _bدار الصفدى للطباعة والنشر ، _c1999 |
||
| 300 |
_a623 ص ؛ _c25 سم |
||
| 650 | 0 | 4 | _aالطلاء |
| 650 | 0 | 4 | _aالمعادن - تلوين |
| 650 | 0 | 4 | _aالمعادن - طلاء |
| 650 | 0 | 4 | _aالطلاء الكهربائى |
| 942 |
_2ddc _cBK |
||
| 999 |
_c6443 _d6443 |
||